LEADER 01223nam a2200265 i 4500 001 000000134153 003 CaOOAMICUS 005 20050125000000.0 008 050125s1983 it u000 u ita u 013 $a107235 040 $aSeMil$bita 100 1 $aRoggiani, Fermo.$0(OLS)http://semarc/name/18720 245 10$aBersaglieri d'Italia :$bdal ponte di Goito a Beirut /$cFermo Roggiani ; presentazione di Claudio Cesare Secchi. 250 $aNuova edizione riveduta, corretta e aggiornata. 260 $aMilano :$bCavallotti,$ccopyr. 1983. 300 $a465 p., [3] c. di tav. ;$c21 cm. 500 $aIn preliminari : Dedica Autografa dell'Autore al Card. C.M. Martini. - Fondo Card. C.M. Martini. 650 4$aEsercito italiano - Bersaglieri - Storia.$0(OLS)http://semarc/subject/26347 700 1 $aSecchi, Claudio Cesare,$d<1897-1981>.$0(OLS)http://semarc/name/1163 850 $aSeMil 852 $aSeMil$W1$xVenegono$y1$m3U IV 340$j87921$B87921$CSeMilBibl$Z2$F92030 $81 941 1 $a4 961 $aOmaggio: Martini Card. Carlo Maria 996 $6245$aBersaglieri d'Italia :$bdal ponte di Goito a Beirut$9(OLS)http://semarc/title/196256 996 $6260$aMilano :$bCavallotti$9(OLS)http://semarc/publisher/33045 LEADER 01538nam a2200277 4500 001 000000336906 003 CaOOAMICUS 005 20191004132635.0 008 191004s1782 au 000 u ita r 026 $ahee. taza e-a- Dagl (3) 1782 (A) 040 $aSeMil$bita 100 11$aEybel, Joseph Valentin,$d<1741-1805>.$0(OLS)http://semarc/name/29941 245 00$aCosa è il Papa? Traduzione dal tedesco. Con dispensa della Commissione Imp. Reg. della Censura de' Libri per l'apposizione del nome dell'Autore. 264 1$aVienna :$bPresso Giuseppe Nobile di Kurzbeck,$c1782. 300 $a44 p. ;$c8° 500 $aSegn.: A-B? C? D² 500 $aPer l'A, J. V. Eybel e il traduttore Antonio Inama, cfr. Melzi, Dizionario di opere anonime e pseudonime, v. 1, p. 259 650 4$aPapa - Infallibilità.$0(OLS)http://semarc/subject/9211 700 1 $aInama, Antonio,$d<1718-1793>.$0(OLS)http://semarc/name/29940 710 0 $aKurzböck, Joseph Lorenz .$0(OLS)http://semarc/name/29942 773 0 $t[Opuscoli all'epoca della Rivoluzione francese.$w()336905 850 $aSeMil 852 $aSeMil$W1$xVenegono$y1$m3R VII 15/1 FA$j216634$B228794$CSeMilBibl$Z2$F228794 $8I 996 $6245$aCosa è il Papa? Traduzione dal tedesco. Con dispensa della Commissione Imp. Reg. della Censura de' Libri per l'apposizione del nome dell'Autore$9(OLS)http://semarc/title/425516 996 $6264$aVienna :$bPresso Giuseppe Nobile di Kurzbeck$9(OLS)http://semarc/publisher/58583